• 首页
  • 本馆介绍
  • 公告通知
  • 最新文献
  • 馆藏检索
  • 电子资源
  • 读者导购
  • 参考咨询
  • 我的图书馆
  • 登录
  • 详细信息显示
  • 放入我的书架
  • 预约/预借图书
  • 作者相关作品
  • 分类相关作品
  • 丛书相关作品
  • 出版社相关作品

书目信息

  • 表格格式
  • 工作单格式
  • 卡片格式
题名:
技能形成与区域创新
    
 
作者: 杨钋 著
分册:  
出版信息: 北京   社会科学文献出版社·群学出版分社  2020
页数: 217页
开本: 24cm
丛书名: 中国教育财政研究丛书
单 册:
中图分类: G719.2
科图分类:
主题词: 职业教育--产学合作--研究--中国
电子资源:
ISBN: 978-7-5201-6754-3
000 01720oam2 2200277 450
001 2166507506
005 20211116182832.26
010    @a978-7-5201-6754-3@dCNY98.00
100    @a20200807d2020 em y0chiy0110 ea
101 0  @achi
102    @aCN@b110000
105    @ay z 000yy
200 1  @a技能形成与区域创新@9ji neng xing cheng yu qu yu chuang xin@b专著@e职业教育校企合作的功能分析@dSkill formation and regional innovation@efunctional analysis of school-firm collaboration in vocational education@f杨钋著@zeng
210    @a北京@c社会科学文献出版社·群学出版分社@d2020
215    @a217页@d24cm
225 2  @a中国教育财政研究丛书
300    @a国家社会科学基金面上项目“产业转型升级背景下技能形成与区域协同创新研究” 北京大学社会调查研究中心智库项目“中国制造2025与技能短缺治理” 北京大学中国教育财政科学研究所“新兴市场国家的技能形成与财政支持研究”的资助
330    @a本书采用制度经济学和政治经济学的视角,讨论了技能形成领域的央地互动、地方政府对校企合作的协调以及校企技能合作三大议题。提出中央政府通过财政事权调整、财政投入和项目制激励地方政府进行技能投资。地方政府通过认可、激励、协调和参与的方式,形成了对区域层面校企合作的地方化产权保护,这种保护受到区域禀赋的调节。地方化产权保护机制和区域察赋调节机制有可能促进作为社会治理方式的“技能合作创新的中国模式”的出现。
461  0 @12001 @a中国教育财政研究丛书
510 1  @aSkill formation and regional innovation@efunctional analysis of school-firm collaboration in vocational education@zeng
517 1  @a职业教育校企合作的功能分析@9zhi ye jiao yu xiao qi he zuo de gong neng fen xi
606 0  @a职业教育@x产学合作@x研究@y中国
690    @aG719.2@v5
701  0 @a杨钋@9yang po@c(女)@4著
801  0 @aCN@b山东中教@c20211112
905    @aZUCC@dG719.2@e13
    
    技能形成与区域创新:职业教育校企合作的功能分析=Skill formation and regional innovation:functional analysis of school-firm collaboration in vocational education/杨钋著.-北京:社会科学文献出版社·群学出版分社,2020
    217页;24cm.-(中国教育财政研究丛书)
    国家社会科学基金面上项目“产业转型升级背景下技能形成与区域协同创新研究” 北京大学社会调查研究中心智库项目“中国制造2025与技能短缺治理” 北京大学中国教育财政科学研究所“新兴市场国家的技能形成与财政支持研究”的资助
    
    ISBN 978-7-5201-6754-3:CNY98.00
    本书采用制度经济学和政治经济学的视角,讨论了技能形成领域的央地互动、地方政府对校企合作的协调以及校企技能合作三大议题。提出中央政府通过财政事权调整、财政投入和项目制激励地方政府进行技能投资。地方政府通过认可、激励、协调和参与的方式,形成了对区域层面校企合作的地方化产权保护,这种保护受到区域禀赋的调节。地方化产权保护机制和区域察赋调节机制有可能促进作为社会治理方式的“技能合作创新的中国模式”的出现。
●
相关链接 在五车中查询图书 在当当中查询图书 在豆瓣中查询图书


正题名:技能形成与区域创新     索取号:G719.2/13         预约/预借

序号 登录号 条形码 馆藏地/架位号 状态 备注
1 2000888937   2000888937   第二书库/ [索取号:G719.2/13] 在馆    
2 2000888938   2000888938   第二书库/ [索取号:G719.2/13] 在馆    
3 2000888939   2000888939   第二书库/ [索取号:G719.2/13] 在馆    
山东省滨州职业学院图书馆 欢迎您!
大连网信软件有限公司© 版权所有